[Event "Verbandsliga Suedbaden 1819"]
[Site "Baden"]
[Date "2019.03.10"]
[Round "7.5"]
[White "Klumpp, Jochen"]
[Black "Kopp, Berthold"]
[Result "1-0"]
[WhiteElo "2077"]
[BlackElo "2217"]
[PlyCount "55"]
[EventDate "2018.10.14"]
[EventType "team-tourn"]
[EventRounds "9"]
[EventCountry "GER"]
[SourceTitle "EXT 2020"]
[Source "ChessBase"]
[SourceDate "2019.10.17"]
[SourceVersion "1"]
[SourceVersionDate "2019.10.17"]
[SourceQuality "1"]
[WhiteTeam "Kuppenheim"]
[BlackTeam "Lahr"]
[WhiteTeamCountry "GER"]
[BlackTeamCountry "GER"]

1. Nf3 Nf6 2. g3 g6 3. Bg2 Bg7 4. c4 c5 5. 0-0 Nc6 6. Nc3 d6 7. a3 0-0 8. Rb1 Be6 9. d3 Qc8 10. Re1 Bh3 11. Bh1 h6 12. b4 cxb4 13. axb4 Ng4 14. Nd5 Re8 15. Bb2 Nge5 16. b5 Nb8 17. Nxe5 dxe5 18. b6 Na6 19. Ra1 Qd7 20. Rxa6 bxa6 21. Nc7 Rab8 22. Nxe8 Rxe8 23. b7 Qd6 24. Qb3 Rb8 25. Ba3 Qc7 26. Qb4 Bf8 27. Rb1 e6 28. Qxf8+ 1-0

[Event "Verbandsliga Suedbaden 1819"]
[Site "Baden"]
[Date "2018.12.02"]
[Round "3.6"]
[White "Klumpp, Jochen"]
[Black "Kuehn, Kolja"]
[Result "1/2-1/2"]
[WhiteElo "2077"]
[BlackElo "2106"]
[PlyCount "37"]
[EventDate "2018.10.14"]
[EventType "team-tourn"]
[EventRounds "9"]
[EventCountry "GER"]
[SourceTitle "EXT 2020"]
[Source "ChessBase"]
[SourceDate "2019.10.17"]
[SourceVersion "1"]
[SourceVersionDate "2019.10.17"]
[SourceQuality "1"]
[WhiteTeam "Kuppenheim"]
[BlackTeam "Oetigheim"]
[WhiteTeamCountry "GER"]
[BlackTeamCountry "GER"]

1. Nf3 d5 2. g3 Nf6 3. Bg2 c6 4. b3 g6 5. Bb2 Bg7 6. 0-0 0-0 7. d3 b6 8. Nbd2 Bb7 9. e4 dxe4 10. dxe4 c5 11. Qe2 Nc6 12. Rad1 Qc7 13. e5 Nd7 14. Rfe1 Nd8 15. Nc4 Ne6 16. Ne3 Rad8 17. Nd5 Bxd5 18. Rxd5 Nb8 19. Red1 1/2-1/2

[Event "Verbandsliga Suedbaden 1718"]
[Site "Baden"]
[Date "2017.10.08"]
[Round "1.6"]
[White "Klumpp, Jochen"]
[Black "Kiefer, Gerhard"]
[Result "0-1"]
[WhiteElo "2077"]
[BlackElo "2260"]
[PlyCount "96"]
[EventDate "2017.10.08"]
[EventType "team-tourn"]
[EventRounds "9"]
[EventCountry "GER"]
[SourceTitle "EXT 2019"]
[Source "ChessBase"]
[SourceDate "2018.10.10"]
[SourceVersion "1"]
[SourceVersionDate "2018.10.10"]
[SourceQuality "1"]
[WhiteTeam "Kuppenheim"]
[BlackTeam "Emmendingen II"]
[WhiteTeamCountry "GER"]
[BlackTeamCountry "GER"]

1. Nf3 c5 2. e4 e6 3. d3 Nc6 4. g3 g6 5. Bg2 Bg7 6. 0-0 Nge7 7. Nbd2 0-0 8. Re1 d5 9. Qe2 b6 10. Nf1 Bb7 11. e5 Qc7 12. Bf4 Nd4 13. Nxd4 cxd4 14. h4 Rac8 15. Rac1 Qc5 16. Nh2 Qb4 17. b3 Qa3 18. h5 Nc6 19. Ng4 Rc7 20. Bg5 Rfc8 21. Qf3 Qf8 22. a3 h6 23. Bf6 gxh5 24. Nh2 Ne7 25. Qf4 Rxc2 26. Rxc2 Rxc2 27. Qxd4 Nf5 28. Qf4 Ne7 29. d4 Ng6 30. Qf3 Qxa3 31. Bxg7 Kxg7 32. Qxh5 Rc1 33. Rd1 Qa1 34. Rxc1 Qxc1+ 35. Bf1 Ba6 36. Qf3 Bxf1 37. Nxf1 Qg5 38. b4 a5 39. bxa5 bxa5 40. Qa3 Qg4 41. Qa4 Nxe5 42. Ne3 Nf3+ 43. Kg2 Qe4 44. Qxa5 Nxd4+ 45. Kg1 Ne2+ 46. Kh2 Qb1 47. Kg2 Qg1+ 48. Kf3 Nd4+ 0-1

[Event "Verbandsliga Suedbaden 1617"]
[Site "Baden"]
[Date "2016.12.11"]
[Round "4.5"]
[White "Leutwyler, Martin"]
[Black "Klumpp, Jochen"]
[Result "1/2-1/2"]
[WhiteElo "2200"]
[BlackElo "2077"]
[PlyCount "60"]
[EventDate "2016.10.09"]
[EventType "team-tourn"]
[EventRounds "9"]
[EventCountry "GER"]
[SourceTitle "EXT 2022"]
[Source "ChessBase"]
[SourceDate "2021.10.06"]
[SourceVersion "1"]
[SourceVersionDate "2021.10.06"]
[SourceQuality "1"]
[WhiteTeam "Gottmadingen"]
[BlackTeam "Kuppenheim"]
[WhiteTeamCountry "GER"]
[BlackTeamCountry "GER"]

1. d4 Nf6 2. c4 g6 3. Nc3 d5 4. cxd5 Nxd5 5. e4 Nxc3 6. bxc3 Bg7 7. Nf3 0-0 8. Be3 c5 9. Rc1 Bg4 10. d5 Qa5 11. Qd2 e6 12. Be2 exd5 13. exd5 Nd7 14. 0-0 Rfe8 15. Rfd1 Nf6 16. c4 Qxd2 17. Rxd2 Ne4 18. Rdc2 b6 19. h3 Bd7 20. Bd3 Ba4 21. Re2 Nc3 22. Rd2 h6 23. Bf4 Rad8 24. Re1 Rxe1+ 25. Nxe1 Re8 26. Kf1 Bd7 27. a3 Ba4 28. Bc2 Bd7 29. Bd3 Ba4 30. Bc2 Bd7 1/2-1/2

[Event "Verbandsliga Suedbaden 1617"]
[Site "Baden"]
[Date "2016.11.20"]
[Round "3.5"]
[White "Klumpp, Jochen"]
[Black "Zesiger, Horst"]
[Result "1-0"]
[WhiteElo "2077"]
[BlackElo "2100"]
[PlyCount "109"]
[EventDate "2016.10.09"]
[EventType "team-tourn"]
[EventRounds "9"]
[EventCountry "GER"]
[SourceTitle "EXT 2022"]
[Source "ChessBase"]
[SourceDate "2021.10.06"]
[SourceVersion "1"]
[SourceVersionDate "2021.10.06"]
[SourceQuality "1"]
[WhiteTeam "Kuppenheim"]
[BlackTeam "Engen"]
[WhiteTeamCountry "GER"]
[BlackTeamCountry "GER"]

1. c4 Nf6 2. g3 e5 3. Bg2 Nc6 4. Nc3 Be7 5. Nf3 d5 6. cxd5 Nxd5 7. 0-0 Nb6 8. a3 Be6 9. b4 0-0 10. b5 Nd4 11. Rb1 f6 12. a4 a5 13. d3 Kh8 14. Bd2 Qd7 15. e3 Nf5 16. Qc2 Rfd8 17. Ne1 Nd6 18. Ne2 Ra7 19. Bc3 Nd5 20. Nf3 Nf7 21. d4 e4 22. Nd2 f5 23. Qb2 Bb4 24. Nb3 Nxc3 25. Nxc3 Nd6 26. Nd2 Raa8 27. Rbc1 Qe7 28. Qc2 Qf7 29. f3 Nc4 30. Nxc4 Bxc4 31. Rf2 Bd3 32. Qd1 Ba3 33. Ra1 Bb2 34. Rxb2 Qc4 35. Rc1 Qe6 36. fxe4 fxe4 37. Rf2 Rf8 38. Qd2 Kg8 39. Qa2 Bc4 40. Qd2 Rxf2 41. Qxf2 Rf8 42. Qd2 Bd3 43. Qa2 Bc4 44. d5 Qb6 45. Qd2 Bd3 46. Nxe4 Bxe4 47. Bxe4 Re8 48. Qd3 g6 49. Rf1 Qc5 50. d6 cxd6 51. Bd5+ Kg7 52. Qd4+ Re5 53. Qxc5 dxc5 54. Rf7+ Kg8 55. Rf5+ 1-0

[Event "Oberliga Baden 1314"]
[Site "Germany"]
[Date "2013.10.13"]
[Round "1.8"]
[White "Klumpp, Jochen"]
[Black "Gschnitzer, Adrian"]
[Result "1/2-1/2"]
[WhiteElo "2117"]
[BlackElo "1908"]
[PlyCount "58"]
[EventDate "2013.10.13"]
[EventType "team-tourn"]
[EventRounds "9"]
[EventCountry "GER"]
[SourceTitle "EXT 2015"]
[Source "ChessBase"]
[SourceDate "2014.11.20"]
[SourceVersion "1"]
[SourceVersionDate "2014.11.20"]
[SourceQuality "1"]
[WhiteTeam "Kuppenheim"]
[BlackTeam "Kirchheim"]
[WhiteTeamCountry "GER"]
[BlackTeamCountry "GER"]

1. c4 c5 2. g3 Nc6 3. Bg2 g6 4. Nc3 Bg7 5. a3 e6 6. Rb1 Nge7 7. e4 0-0 8. Nge2 f5 9. d3 Nd4 10. Nxd4 cxd4 11. Ne2 d5 12. cxd5 exd5 13. exd5 Nxd5 14. 0-0 Kh8 15. Re1 Be6 16. Nxd4 Bxd4 17. Rxe6 f4 18. gxf4 Nxf4 19. Bxf4 Rxf4 20. Kh1 Rxf2 21. Qg4 Bg7 22. Qg3 Qd4 23. Rbe1 Qxb2 24. Re7 Raf8 25. Rxb7 Qd2 26. Rbe7 Rd8 27. Re8+ Rf8 28. Rxf8+ Rxf8 29. a4 Qf2 1/2-1/2

[Event "Oberliga Baden 1213"]
[Site "Baden"]
[Date "2013.04.14"]
[Round "9.8"]
[White "Wuest, Hans Heiner"]
[Black "Klumpp, Jochen"]
[Result "1/2-1/2"]
[WhiteElo "2096"]
[BlackElo "2093"]
[PlyCount "60"]
[EventDate "2012.10.14"]
[EventType "team-tourn"]
[EventRounds "9"]
[EventCountry "GER"]
[SourceTitle "EXT 2014"]
[Source "ChessBase"]
[SourceDate "2013.11.20"]
[SourceVersion "1"]
[SourceVersionDate "2013.11.20"]
[SourceQuality "1"]
[WhiteTeam "Kirchheim"]
[BlackTeam "Kuppenheim"]
[WhiteTeamCountry "GER"]
[BlackTeamCountry "GER"]

1. Nf3 Nf6 2. c4 g6 3. g3 Bg7 4. Bg2 0-0 5. 0-0 d5 6. cxd5 Nxd5 7. Nc3 Nb6 8. d3 c6 9. Be3 Na6 10. Qd2 e5 11. Bh6 Qe7 12. Bxg7 Kxg7 13. Rac1 f6 14. b3 Re8 15. Qb2 Be6 16. d4 exd4 17. Nxd4 Bg8 18. Rcd1 Nc7 19. Rfe1 Ne6 20. e4 Qc5 21. Nce2 a5 22. Nxe6+ Bxe6 23. Nf4 Bf7 24. Nd3 Qe7 25. Qd4 Nd7 26. Nb2 Red8 27. Qd6 Qxd6 28. Rxd6 Ne5 29. Red1 Rxd6 30. Rxd6 Re8 1/2-1/2

[Event "Basel Hilton op 15th"]
[Site "Basel"]
[Date "2013.01.04"]
[Round "6"]
[White "Klumpp, Jochen"]
[Black "Prill, Daniel"]
[Result "1/2-1/2"]
[WhiteElo "2070"]
[BlackElo "2154"]
[PlyCount "115"]
[EventDate "2013.01.01"]
[EventType "swiss"]
[EventRounds "7"]
[EventCountry "SUI"]
[SourceTitle "CBM 152 Extra"]
[Source "ChessBase"]
[SourceDate "2013.02.25"]
[SourceVersion "1"]
[SourceVersionDate "2013.02.25"]
[SourceQuality "1"]

1. c4 c6 2. g3 Nf6 3. Nf3 d5 4. Bg2 Bf5 5. 0-0 e6 6. b3 Nbd7 7. Bb2 Be7 8. d3 0-0 9. Nbd2 Bg6 10. Rc1 Rc8 11. Nh4 Re8 12. Rc2 Bc5 13. Nxg6 hxg6 14. d4 Bd6 15. e3 Qa5 16. Bc3 Bb4 17. Bxb4 Qxb4 18. Qc1 Qd6 19. c5 Qe7 20. f4 Rc7 21. b4 Rb8 22. Rb2 a6 23. Qc2 g5 24. Qd3 gxf4 25. exf4 g6 26. Nb3 Kg7 27. Re2 Qf8 28. Bf3 Qh8 29. Qe3 Qh3 30. Rg2 Rh8 31. Qe2 Rcc8 32. Nc1 Rh7 33. Nd3 Re8 34. Nf2 Qh6 35. Nd3 Qh3 36. Ne5 Qh6 37. Qe3 Kg8 38. Nd3 Qh3 39. Nf2 Qh6 40. Re1 Qg7 41. Nd3 Rh3 42. a4 Rd8 43. Rb2 Ra8 44. Ra1 Rh8 45. Rba2 Kh7 46. Nf2 Rhb8 47. Rb1 Ng8 48. Nd3 Ne7 49. g4 Rg8 50. h4 Rh8 51. Rh2 Kg8 52. Kg2 Qf6 53. Rbh1 Kf8 54. Ne5 Nxe5 55. fxe5 Qg7 56. Kg3 Rh6 57. Rb1 Rh7 58. Ra1 1/2-1/2

[Event "Basel Hilton op 15th"]
[Site "Basel"]
[Date "2013.01.01"]
[Round "1"]
[White "Filipovic, Branko"]
[Black "Klumpp, Jochen"]
[Result "1-0"]
[WhiteElo "2369"]
[BlackElo "2070"]
[PlyCount "45"]
[EventDate "2013.01.01"]
[EventType "swiss"]
[EventRounds "7"]
[EventCountry "SUI"]
[SourceTitle "CBM 152 Extra"]
[Source "ChessBase"]
[SourceDate "2013.02.25"]
[SourceVersion "1"]
[SourceVersionDate "2013.02.25"]
[SourceQuality "1"]

1. e4 d6 2. d4 Nf6 3. Nc3 g6 4. f4 Bg7 5. Nf3 0-0 6. e5 Ne8 7. Be3 c5 8. dxc5 Nc6 9. Bc4 Bg4 10. h3 Bxf3 11. Qxf3 dxe5 12. 0-0 Nd4 13. Qf2 exf4 14. Qxf4 e5 15. Qe4 Nf6 16. Qd3 Qa5 17. b4 Qd8 18. Bg5 Nf5 19. g4 e4 20. Qxd8 Raxd8 21. gxf5 Rd4 22. Bb3 Nd7 23. f6 1-0

[Event "Oberliga Baden 1213"]
[Site "Baden"]
[Date "2012.10.14"]
[Round "1.8"]
[White "Klumpp, Jochen"]
[Black "Bloessl, Walter"]
[Result "1-0"]
[WhiteElo "2070"]
[BlackElo "2186"]
[PlyCount "75"]
[EventDate "2012.10.14"]
[EventType "team-tourn"]
[EventRounds "9"]
[EventCountry "GER"]
[SourceTitle "EXT 2014"]
[Source "ChessBase"]
[SourceDate "2013.11.20"]
[SourceVersion "1"]
[SourceVersionDate "2013.11.20"]
[SourceQuality "1"]
[WhiteTeam "Kuppenheim"]
[BlackTeam "Ladenburg"]
[WhiteTeamCountry "GER"]
[BlackTeamCountry "GER"]

1. c4 Nf6 2. g3 g6 3. Bg2 Bg7 4. Nc3 0-0 5. e4 d6 6. Nge2 e5 7. 0-0 c6 8. h3 Be6 9. d3 Qd7 10. Kh2 h5 11. f4 Na6 12. Be3 h4 13. Qe1 Nb4 14. Qd2 b5 15. a3 hxg3+ 16. Nxg3 exf4 17. Rxf4 Na6 18. cxb5 cxb5 19. Raf1 Nh7 20. d4 Bc4 21. Rg1 b4 22. axb4 Nxb4 23. Rg4 Rab8 24. Bh6 Be6 25. Bxg7 Bxg4 26. Bxf8 Rxf8 27. hxg4 Qxg4 28. Bh3 Qg5 29. Qe2 Nc6 30. Qf2 Qh4 31. Kg2 Rb8 32. Bd7 Nd8 33. Rh1 Qf6 34. Qd2 Ng5 35. Rf1 Qe7 36. Nd5 Qf8 37. Qxg5 Rxb2+ 38. Kg1 1-0

[Event "Verbandsliga Sued Baden 0910"]
[Site "Germany"]
[Date "2010.04.25"]
[Round "9.6"]
[White "Hurst, Peter"]
[Black "Klumpp, Jochen"]
[Result "0-1"]
[WhiteElo "2131"]
[BlackElo "2089"]
[PlyCount "78"]
[EventDate "2009.10.11"]
[EventType "team-tourn"]
[EventRounds "9"]
[EventCountry "GER"]
[SourceTitle "EXT 2011"]
[Source "ChessBase"]
[SourceDate "2010.11.26"]
[SourceVersion "1"]
[SourceVersionDate "2010.11.26"]
[SourceQuality "1"]
[WhiteTeam "Lahr"]
[BlackTeam "Kuppenheim"]
[WhiteTeamCountry "GER"]
[BlackTeamCountry "GER"]

1. d4 Nf6 2. c3 g6 3. e3 Bg7 4. f4 d6 5. Nf3 b6 6. Bd3 Bb7 7. Nbd2 Nbd7 8. Qe2 0-0 9. e4 c5 10. 0-0 e6 11. e5 Nd5 12. Ne4 dxe5 13. Nd6 Nxf4 14. Bxf4 Bxf3 15. Qxf3 exf4 16. Qxf4 e5 17. Qf3 exd4 18. Nxf7 Ne5 19. Nxe5 Rxf3 20. Nxf3 Bf6 21. c4 Qd7 22. Be4 Re8 23. Nd2 Kg7 24. Bd5 Qg4 25. h3 Qg3 26. Rf2 Be5 27. Nf1 Qg5 28. Rd1 Bf4 29. Kh1 Re7 30. Rd3 Re1 31. Rdf3 Bd6 32. g4 Qe5 33. Kg2 Re2 34. h4 Rxf2+ 35. Rxf2 Qe7 36. g5 h6 37. Rf7+ Qxf7 38. Bxf7 Kxf7 39. gxh6 Bf4 0-1